FC 24 Greats of the Game - Statistics

General Stats
  • This quiz has been taken 71 times
    56 since last reset
  • The average score is 40 of 64
Answer Stats
rat pos coutnry palyer % Correct
Greats of the Game Icon 98 ST Brazil Ronaldo
100%
Greats of the Game Icon 98 CF Hungary Ferenc Puskás
97%
Greats of the Game Icon 98 LW Brazil Ronaldinho
97%
Greats of the Game Icon 98 CAM France Zinedine Zidane
94%
Greats of the Game Icon 98 LW Brazil Rivaldo
91%
Greats of the Game Icon 98 CF Netherlands Johan Cruyff
89%
Greats of the Game Icon 98 ST Scotland Kenny Dalglish
89%
Greats of the Game Icon 96 CB Italy Paolo Maldini
89%
Greats of the Game Icon 97 ST England Wayne Rooney
83%
Greats of the Game Icon 97 CAM England Bobby Charlton
80%
Greats of the Game Icon 97 CB Serbia Nemanja Vidić
80%
Greats of the Game Icon 97 GK Denmark Peter Schmeichel
80%
Greats of the Game Icon 96 GK Spain Iker Casillas
77%
Greats of the Game Icon 95 RB Argentina Javier Zanetti
77%
Greats of the Game Icon 96 LB Brazil Roberto Carlos
77%
Greats of the Game Icon 97 CF Netherlands Ruud Gullit
77%
Greats of the Game Icon 94 CM Spain Xavi
77%
Greats of the Game Icon 96 ST Germany Gerd Müller
74%
Greats of the Game Icon 96 RWB Brazil Cafú
71%
Greats of the Game Icon 96 CAM Romania Gheorghe Hagi
71%
Greats of the Game Icon 97 ST France Thierry Henry
71%
Greats of the Game Icon 97 ST Argentina Hernán Crespo
69%
Greats of the Game Icon 95 CDM Spain Xabi Alonso
69%
Greats of the Game Icon 95 LB England Ashely Cole
66%
Greats of the Game Icon 96 ST Croatia Davor Šuker
66%
Greats of the Game Icon 93 ST Mexico Hugo Sánchez
66%
Greats of the Game Icon 96 CM Germany Lothar Matthäus
66%
Greats of the Game Icon 95 RW Portugal Luís Figo
66%
Greats of the Game Icon 95 LM Czech Republic Pavel Nedvěd
66%
Greats of the Game Icon 95 CM Italy Andrea Pirlo
63%
Greats of the Game Icon 94 CB Spain Carles Puyol
63%
Greats of the Game Icon 94 ST France David Trezeguet
63%
Greats of the Game Icon 97 CM France Patrick Vieira
63%
Greats of the Game Icon 97 CM England Steven Gerrard
63%
Greats of the Game Hero 97 ST Italy Antonio Di Natale
60%
Greats of the Game Icon 93 RB Italy Gianluca Zambrotta
60%
Greats of the Game Hero 95 GK Poland Jerzy Dudek
60%
Greats of the Game Hero 97 LB Spain Joan Capdevila
60%
Greats of the Game Icon 94 ST Mexico Luis Hernández
60%
Greats of the Game Icon 96 CDM France Emmanuel Petit
57%
Greats of the Game Icon 95 ST Spain Fernando Torres
57%
Greats of the Game Icon 95 CB France Marcel Desailly
57%
Greats of the Game Icon 96 CAM Brazil Zico
57%
Greats of the Game Icon 95 CF Italy Alessandro Del Piero
54%
Greats of the Game Icon 95 CB Italy Fabio Cannavaro
54%
Greats of the Game Icon 94 CDM Netherlands Frank Rijkaard
54%
Greats of the Game Hero 96 ST Argentina Carlos Tevez
51%
Greats of the Game Hero 93 GK Mexico Jorge Campos
51%
Greats of the Game Icon 96 CM Germany Michael Ballack
51%
Greats of the Game Hero 93 CAM Portugal Rui Costa
51%
Greats of the Game Hero 95 CB Colombia Ivan Córdoba
49%
Greats of the Game Hero 95 LM USA Damarcus Beasley
46%
Greats of the Game Hero 96 ST Uruguay Diego Forlán
46%
Greats of the Game Hero 95 CB Argentina Javier Mascherano
43%
Greats of the Game Hero 94 CM Italy Claudio Marchisio
40%
Greats of the Game Hero 94 CB Portugal Ricardo Carvalho
40%
Greats of the Game Icon 95 CB Netherlands Ronald Koeman
40%
Greats of the Game Hero 95 LWB France Bixente Lizarazu
34%
Greats of the Game Hero 94 CF Uruguay Enzo Francescoli
34%
Greats of the Game Hero 94 RM England Steve McManaman
34%
Greats of the Game Icon 96 CAM Netherlands Clarence Seedorf
31%
Greats of the Game Hero 96 ST Germany Mario Gomez
31%
Greats of the Game Hero 94 CM Germany Nadine Keßler
29%
Greats of the Game Icon 94 ST England Alan Shearer
23%
No matching quizzes found
Score Distribution
Percent of People with Each Score
Percentile by Number Answered
Your Score History
You have not taken this quiz since the last reset